000 01211cab a22002895a 4500
001 L159789
008 180104e2017 xxk 000 0 eng d
035 _a(Sirsi) u159789
041 0 _aeng
100 1 _aSymons, Kate
245 0 0 _aImportant distinctions
260 _c2017
490 _aEstates Gazette
_v(1748) 2 December 2017, 72-73(2)
520 _aPart 2 in a series of 4 articles looking at the Minimum Energy Efficiency Standard (MEES) which is coming into force from 1 April 2018 in England and Wales. Examines the scope of the MEES for residential property and highlights key difference between the provisions for residential and commercial property. Part 1 L159788, Part 3 L159790 and Part 4 L159794.
590 _aKA
650 2 4 _aMINIMUM ENERGY EFFICIENCY STANDARD
650 2 4 _aMEES
650 2 4 _aENERGY PEFORMANCE OF BUILDINGS (ENGLAND AND WALES) REGULATIONS 2012
650 2 4 _aENERGY EFFICIENCY (PRIVATE RENTED PROPERTY) (ENGLAND AND WALES) REGULATIONS 2015
651 4 _aEngland and Wales
_y1543-
690 _aEnergy
_96237
690 _aSustainability
_96271
690 _aResidential property
_96266
690 _aCommercial property
_96227
856 4 0 _u
_z
942 _n0
999 _c84986
_d84986